Comunidades de aprendizaje : una apuesta educativa ante el fracaso escolar de alumnos con necesidades educativas especiales /

Guardado en:
Detalles Bibliográficos
Autor principal: Centeno Partida, María de Lourdes (autor)
Formato: Tesis Libro
Idioma:Español
Temas:
Etiquetas: Agrega una etiqueta
Sin etiquetas, Sé el primero en etiquetar este registro!

MARC

LEADER 00000nam^a2200000^a^4500
001 000268471
005 20250521000000.0
009 20260310110854.574
037 |a Acervo ITESO - Biblioteca 
041 |a ESP 
090 |a MEC. 32 
100 |a Centeno Partida, María de Lourdes  |e (autor) 
245 1 0 |a Comunidades de aprendizaje :  |b una apuesta educativa ante el fracaso escolar de alumnos con necesidades educativas especiales /  |c M.L. Centeno Partida. 
264 |a Guadalajara, México :  |b edición de autor,  |c 2007 
300 |a 1 disco compacto de computadora 
336 |a datos para computadora  |b cod  |2 rdacontenido 
337 |a computadora  |b c  |2 rdamedio 
338 |a disco de computadora  |b cd  |2 rdasoporte 
502 |a ITESO Tesis de Maestría en Educación y Procesos Cognoscitivos 
649 |a XX 
650 |a Comunidades de Aprendizaje -  |x Tema Principal 
650 |a Comportamiento de la Clase 
650 |a Ambiente de la Clase 
650 |a Relaciones Maestro-Alumno 
650 |a Diagnóstico Educativo 
650 |a Proyecto Educativo -  |x Tema Principal 
650 |a Práctica Educativa 
650 |a Metodología Educativa 
650 |a Proceso Educativo 
650 |a Investigación-Acción 
650 |a Educación Especial 
910 |a Fondo General 
920 |a Electrónicos - Tesis del ITESO en Disco 
905 |a 202 
901 |a 0500153111  |b IT2  |c STS  |u 20250521 
902 |a https://opac.biblio.iteso.mx/vufind/Record/000268471